Les 5 Océans par superficie en 30 secondes - Statistiques

Statistiques générales
  • Ce quiz a été pris 59 fois
  • Le résultat moyen est 4 sur 5
Statistiques - réponses
Superficie Surface
Terrestre
Océan % Correct
168 723 000 km² 46.6% Pacifique
100%
85 133 000 km² 23.5% Atlantique
98%
70 560 000 km² 19.5% Indien
98%
21 960 000 km² 6.1% Antarctique
53%
15 558 000 km² 4.3% Arctique
49%
Aucun quiz correspondant
Distribution des résultats
% des personnes avec chaque résultat
Percentile par nombre de réponses
Votre historique - résultats
Vous n’avez pas pris ce quiz